Pevné linky ešte majú budúcnosť predseda predstavenstva a prezident Slovak Telekomu Miroslav Majoroš pre HN

Bibliographic Details
Main Author: Kubinec, Matej (Author, Interviewer)
Format: Article
Language:Slovak
PhysicalDescription:Fotogr.
ISSN:1335-4701
Subjects:

MARC

LEADER 00000nab a2200000 a 4500
001 vtls009517729
003 SK-MaSNL
005 20260303180907.0
008 140301c20090216xo dr|p|||||||000 b|slo
015 |a SNBRB2009/05  |2 snkbucl 
038 |a SNKBUCL 
040 |a SNKBUCL  |b slo  |c SNKBUCL  |e AACR2 
041 0 |a slo 
044 |a xo  |c SK 
080 |a 654:061.5(437.6)  |2 2001 
100 1 |a Kubinec, Matej  |4 ivr  |4 aut  |9 1041010 
245 1 0 |a Pevné linky ešte majú budúcnosť  |b predseda predstavenstva a prezident Slovak Telekomu Miroslav Majoroš pre HN  |c [zhováral sa] Matej Kubinec 
300 |b Fotogr. 
610 2 7 |a Slovak Telekom  |2 snkbucl  |9 84692 
650 0 7 |a telekomunikácia  |2 snkbucl  |9 105923 
700 1 |a Majoroš, Miroslav  |d 1959-  |4 ive  |9 895011 
773 0 |t Hospodárske noviny  |g Roč. XVII., č. 31 (16.2.2009), s. 10  |x 1335-4701 
852 |a SNK  |b KIS3GCP 
999 |c 2107947  |d 2109877